Current perspectives in Sudanese and Nubian archaeology : a collection of papers presented at the 2018 Sudan Studies Research Conference, Cambridge /

This volume brings together papers presented at the 2nd Sudan Studies Research Conference, held at the McDonald Institute for Archaeological Research, University of Cambridge, 2018. The papers collected here focus on early administrative and mortuary material culture in the Nile valley and adjacent...

وصف كامل

محفوظ في:

مؤلف مشترك: Sudan Studies Research Conference McDonald Institute for Archaeological Research, University of Cambridge)

مؤلفون آخرون: Lemos, Rennan (المحرر), Tipper, Samantha (المحرر)

التنسيق: وقائع المؤتمر كتاب الكتروني

اللغة: English

منشور في: Oxford : Archaeopress Publishing Ltd, 2021.

سلاسل: Access archaeology.

الموضوعات:

الوصول للمادة أونلاين: Login to view Source

الوسوم: إضافة وسم

لا توجد وسوم, كن أول من يضع وسما على هذه التسجيلة!

رقم الطلب: DT154.8

LEADER 02463nam a2200493 i 4500
001 EDZ0002431660
003 StDuBDS
005 20230412183045.0
006 m|||||o||d||||||||
007 cr |||||||||||
008 210227s2021 enkab fob 100|0|eng|d
020 |a 9781789698985 (PDF ebook) :  |c No price 
040 |a StDuBDS  |b eng  |c StDuBDS  |e rda  |e pn 
050 4 |a DT154.8 
082 0 4 |a 939.78  |2 23 
111 2 |a Sudan Studies Research Conference  |n (2nd :  |d 2018 :  |c McDonald Institute for Archaeological Research, University of Cambridge),  |j creator. 
245 1 0 |a Current perspectives in Sudanese and Nubian archaeology :  |b a collection of papers presented at the 2018 Sudan Studies Research Conference, Cambridge /  |c edited by Rennan Lemos, Samantha Tipper. 
264 1 |a Oxford :  |b Archaeopress Publishing Ltd,  |c 2021. 
300 |a 1 online resource (iii, 118 pages) :  |b illustrations (black and white, and colour), maps (black and white, and colour). 
336 |a text  |2 rdacontent 
336 |a still image  |2 rdacontent 
336 |a cartographic image  |2 rdacontent 
337 |a computer  |2 rdamedia 
338 |a online resource  |2 rdacarrier 
490 1 |a Access archaeology 
500 |a Conference proceedings. 
500 |a Also issued in print: 2021. 
504 |a Includes bibliographical references. 
506 0 |a Open access. 
520 8 |a This volume brings together papers presented at the 2nd Sudan Studies Research Conference, held at the McDonald Institute for Archaeological Research, University of Cambridge, 2018. The papers collected here focus on early administrative and mortuary material culture in the Nile valley and adjacent areas. 
521 |a Specialized. 
588 |a Description based on online resource; title from PDF title page (viewed on March 26, 2021). 
650 0 |a Excavations (Archaeology)  |z Sudan  |v Congresses. 
650 0 |a Nubians  |z Sudan  |x History  |v Congresses. 
651 0 |a Sudan  |x Antiquities  |v Congresses. 
700 1 |a Lemos, Rennan,  |e editor. 
700 1 |a Tipper, Samantha,  |e editor. 
710 2 |a McDonald Institute for Archaeological Research,  |e host institution. 
776 0 8 |i Print version :  |z 9781789698978 
830 0 |a Access archaeology. 
856 4 0 |3 Archaeopress  |u http://library.arce.org:8087/Archaeopress/Products/9781789698978 
942 |2 lcc  |c EBOOK 
952 |0 0  |1 0  |4 0  |6 DT01548  |7 1  |9 46811  |a ARCH  |b ARCH  |d 2023-04-12  |l 0  |o DT154.8  |r 2023-04-12 00:00:00  |w 2023-04-12  |y EBOOK 
999 |c 52469  |d 52469